Dopyt po akciách výrazne prevyšuje ponuku Bilancia posledných aukcií v RM-Systéme Slovakia

Hodnotenie 13 aukčných kôl periodických aukcií na mimoburzovom trhu s cennými papiermi. Priemerné aukčné ceny, obchodovateľnosť cenných papierov, dopyt a ponuka, vážené aritmetické priemery aukčných cien, prevoditeľný objem akcií a objem obchodov v jednotlivých kolách vyjadrené graficky.

Saved in:
Bibliographic Details
Main Author: Hajko, J.
Format: Book Chapter
Language:Slovak
Subjects:
Tags: Add Tag
No Tags, Be the first to tag this record!

MARC

LEADER 00000naa a2200000 4500
001 r014602
005 20221205091113.6
041 0 |a slo 
044 |a SK 
245 1 0 |a Dopyt po akciách výrazne prevyšuje ponuku  |b Bilancia posledných aukcií v RM-Systéme Slovakia  |c J. Hajko 
520 |a Hodnotenie 13 aukčných kôl periodických aukcií na mimoburzovom trhu s cennými papiermi. Priemerné aukčné ceny, obchodovateľnosť cenných papierov, dopyt a ponuka, vážené aritmetické priemery aukčných cien, prevoditeľný objem akcií a objem obchodov v jednotlivých kolách vyjadrené graficky. 
610 2 0 |a RM-systém Slovakia 
610 2 0 |a aukcie 
610 2 0 |a obchody mimoburzové 
610 2 0 |a papiere cenné 
610 2 0 |a trh kapitálový 
610 2 0 |a Slovensko 
610 2 0 |a 1993-1994 
610 2 0 |a údaje štatistické 
610 2 0 |a dopyt 
610 2 0 |a ponuka 
610 2 0 |a ceny 
100 1 |a Hajko, J.